|
|
|
|
| LEADER |
00000nam a2200000 a 4500 |
| 001 |
vtls008633736 |
| 003 |
SK-MaSNL |
| 005 |
20260302075027.0 |
| 008 |
240315 000 0 eng |
| 040 |
|
|
|a SNK
|b slo
|c SNK
|e AACR2
|
| 100 |
1 |
|
|a Reichenberger, Wunibaldo
|4 aut
|9 741349
|
| 245 |
1 |
|
|a Autzgang aus Egypten in das versprochene Land burch acht Tagreisen ber geistlichen Einöde
|
| 260 |
|
|
|a Pretzburg
|b Franz Augustín Patzko
|c 1771
|
| 300 |
|
|
|a 236 s.
|
| 999 |
|
|
|c 1167528
|d 1169458
|
| 952 |
|
|
|a SNK
|b SNK
|y PREZ
|7 0
|p 17X08633736001
|o snkSD 13176
|i snk6418/57
|3 rekatalogizácia
|0 0
|1 0
|4 0
|d 2006-03-22
|l 0
|r 2026-02-24 20:53:10
|w 2026-02-24
|